000 00616cam a22002053a 4500
001 43930
003 PGUSA
005 20140828084012.0
008 131011s2013||||xxu|||||s|||||000 | eng d
040 _aPGUSA
_beng
042 _adc
100 1 _aRule, Philip M.
245 1 4 _aThe Cat :
_bIts Natural History; Domestic Varieties; Management and Treatment
_h[electronic resource] /
_cPhilip M. Rule
260 _bProject Gutenberg,
_c2013
506 _aPublic domain in the USA.
516 _aElectronic text
830 0 _aProject Gutenberg
_v43930
856 4 0 _uhttp://www.gutenberg.org/ebooks/43930
942 _cEB
999 _c273181
_d273181